00486nam a22001697a 450000500170000000800410001702000180005804100120007608200160008810000200010424500480012426000560017230000070022836500170023565000120025270000520026420250828110031.0250825b |||||||| |||| 00| 0 eng d a9789391558567 aMarathi a891.46bNIP aNipanekar Vijay aSwatantryaladha: Rashtriya Kirtan Va Bharud aPunebBharatiya Vichar Sadhana Pune Prakashanc2022 a62 b42.00cRs.00 aGeneral aSubnis Milind,aTamboli Snehal,aZhambre Snehal